| 000 | 00833nam a2200229 a 4500 | ||
|---|---|---|---|
| 001 | 000038018 | ||
| 003 | DO-SdBNP | ||
| 005 | 20220701105943.0 | ||
| 008 | 130312s2011 dr ao grc 000 0 spa d | ||
| 040 |
_aDO-SdBNP _bspa _cBNPHU |
||
| 082 | 4 |
_222 _bC357c |
|
| 245 | 1 | 0 |
_aCatálogo del cine dominicano 1923-2011. / _cEditor, Manuel Felix Lora |
| 260 |
_aSanto Domingo : _bMinisterio de Cultura, _c2011 |
||
| 300 |
_a60 p. : _bil., fotogr. ; _c23 cm. |
||
| 590 | _aInventariado 2022 / MF | ||
| 650 | 4 |
_981285 _aCine _xCatálogo _y1923-2011 _zRepública Dominicana |
|
| 650 | 4 |
_951170 _aPelículas Cinematográficas _xCatálogo _zRepública Dominicana |
|
| 650 | 4 |
_981283 _aPelículas cinematográficas _vcatólogo _x1923-2011 _zRepública Dominicana |
|
| 700 | 1 |
_980598 _aLora, Félix Manuel _eed. |
|
| 910 | _aMFeliz | ||
| 942 |
_2ddc _cLBS1 |
||
| 999 |
_c37508 _d37508 |
||